[Event "VI Festival B"]
[Site "Amantea ITA"]
[Date "2008.09.07"]
[Round "8"]
[White "De Caro, Nicola"]
[Black "Costabile, Vincenzo"]
[Result "0-1"]
[WhiteElo "1635"]
[BlackElo "1536"]
[PlyCount "68"]
[EventDate "2008.08.31"]

1. d4 Nf6 2. c4 g6 3. Nc3 Bg7 4. e4 d6 5. Be2 O-O 6. Nf3 e5 7. O-O Nc6 8. d5
Ne7 9. Ne1 Nd7 10. Nd3 f5 11. b4 Nf6 12. f3 f4 13. Ba3 g5 14. g4 Ng6 15. c5 h5
16. h3 hxg4 17. hxg4 Rf7 18. Qb3 Bf8 19. Rac1 Rh7 20. Rf2 Ne8 21. b5 Qf6 22.
Rh2 Rxh2 23. Kxh2 Qh8+ 24. Kg2 Qh4 25. Rg1 Qg3+ 26. Kf1 Qh3+ 27. Ke1 Nh4 28.
Rf1 Ng2+ 29. Kd2 Ne3 30. Rc1 Qh2 31. Ne1 Nxg4 32. fxg4 Bxg4 33. Nd1 Qxe2+ 34.
Kc3 Qxe1+ 0-1

[Event "VI Festival B"]
[Site "Amantea ITA"]
[Date "2008.09.07"]
[Round "8"]
[White "Ielapi, Gianbattista"]
[Black "Grudina, Marco"]
[Result "1-0"]
[WhiteElo "1686"]
[BlackElo "1897"]
[PlyCount "149"]
[EventDate "2008.08.31"]

1. d4 d5 2. Nf3 Nf6 3. e3 e6 4. Bd3 c5 5. b3 Nc6 6. Bb2 Bd6 7. Ne5 Bd7 8. Nd2
Qe7 9. O-O O-O 10. f4 cxd4 11. exd4 Rac8 12. a3 a6 13. Rf3 g6 14. c4 b6 15. b4
dxc4 16. Ndxc4 Bc7 17. Rc1 b5 18. Nd2 Bb6 19. Nb3 Qd6 20. Bb1 Rfd8 21. Nc5 Bxc5
22. dxc5 Qxd1+ 23. Rxd1 Nd5 24. Rfd3 Nce7 25. g3 Be8 26. Ng4 Nc6 27. Nf6+ Nxf6
28. Bxf6 Rxd3 29. Rxd3 a5 30. Rb3 axb4 31. axb4 Ra8 32. Bd3 Rb8 33. Kf2 Kf8 34.
Ke3 Ne7 35. Be5 Nd5+ 36. Kd2 Rb7 37. Be4 Bc6 38. Bxd5 Bxd5 39. Ra3 Rd7 40. Bd6+
Kg7 41. Ra6 Bb7 42. Rb6 Kf6 43. Ke3 g5 44. Rxb5 gxf4+ 45. gxf4 Kg6 46. Rb6 Kf5
47. b5 Be4 48. c6 Rxd6 49. c7 Rxb6 50. c8=Q Rxb5 51. Qc4 Rd5 52. Qxe4+ Kf6 53.
Qxh7 Ke7 54. h4 Rd1 55. h5 Rh1 56. Qh6 Rh3+ 57. Kf2 Rh2+ 58. Kg3 Rh1 59. Kg2
Rd1 60. Qg5+ Kf8 61. h6 Rd2+ 62. Kf1 Rd1+ 63. Ke2 Rh1 64. Qg7+ Ke7 65. h7 Rh2+
66. Kf1 Rh1+ 67. Kg2 Rxh7 68. Qxh7 Kf6 69. Kf3 Ke7 70. Ke4 Kf6 71. f5 exf5+ 72.
Qxf5+ Ke7 73. Ke5 Ke8 74. Kf6 Kf8 75. Qc8# 1-0

[Event "VI Festival B"]
[Site "Amantea ITA"]
[Date "2008.09.07"]
[Round "8"]
[White "Lorenzotti, Fabrizio"]
[Black "Caporale, Giuseppe Guido"]
[Result "0-1"]
[WhiteElo "1712"]
[BlackElo "1820"]
[PlyCount "100"]
[EventDate "2008.08.31"]

1. e4 d5 2. exd5 Qxd5 3. Nc3 Qd6 4. d4 Nf6 5. h3 Bf5 6. Nf3 a6 7. a4 Nc6 8. Bd3
Bg6 9. Bxg6 hxg6 10. Be3 e6 11. O-O Be7 12. Qd3 Nb4 13. Qd2 Nbd5 14. Nxd5 Qxd5
15. Rac1 Qf5 16. Bf4 Nd5 17. Bg3 O-O-O 18. c3 f6 19. Qc2 Qxc2 20. Rxc2 Bd6 21.
Bxd6 cxd6 22. c4 Nf4 23. Re1 Kd7 24. Re4 g5 25. Kf1 Rc8 26. c5 d5 27. Re3 Ng6
28. b4 Rc7 29. Nh2 Rhc8 30. Rd2 Ne7 31. g4 Ng6 32. Nf3 Rh8 33. Ng1 Nf4 34. b5
axb5 35. axb5 e5 36. dxe5 Rxc5 37. exf6 gxf6 38. f3 Rxb5 39. Ne2 Nxh3 40. Nc3
Ra5 41. Nxd5 Ra1+ 42. Ke2 Kc8 43. Nb6+ Kb8 44. Nd7+ Ka7 45. Re7 Nf4+ 46. Kf2
Rh2+ 47. Ke3 Ra3+ 48. Ke4 Rxd2 49. Kf5 Nd5 50. Rf7 Rxf3+ 0-1

[Event "VI Festival B"]
[Site "Amantea ITA"]
[Date "2008.09.07"]
[Round "8"]
[White "Moscarelli, Giacomo"]
[Black "Levato, Biagio"]
[Result "0-1"]
[WhiteElo "1634"]
[BlackElo "1501"]
[PlyCount "96"]
[EventDate "2008.08.31"]

1. d4 Nf6 2. f4 e6 3. e3 b6 4. Nf3 d6 5. Bd3 Bb7 6. O-O Nbd7 7. c3 c5 8. Nbd2
d5 9. Ne5 c4 10. Bc2 Be7 11. Rf3 Nxe5 12. fxe5 Ne4 13. Nxe4 dxe4 14. Ba4+ Kf8
15. Rf2 Qc7 16. Qf1 f5 17. Bd2 a6 18. Bd1 g6 19. g4 Bh4 20. Rg2 Qe7 21. Qxc4
Bd5 22. Qf1 b5 23. Bb3 Bxb3 24. axb3 Ke8 25. Be1 Bxe1 26. Qxe1 Kd7 27. b4 Rhf8
28. Qg3 Kc6 29. Kh1 Kb6 30. gxf5 Rxf5 31. Qg4 Raf8 32. Qxe4 Rf1+ 33. Rxf1 Rxf1+
34. Rg1 Qf7 35. h3 Rf2 36. Rg2 Rf1+ 37. Kh2 Rf2 38. Qh4 Rf5 39. Qd8+ Kb7 40.
Qh4 Rf3 41. Qe1 h6 42. b3 Qf5 43. Qh4 h5 44. Qg5 Rxh3+ 45. Kg1 Qb1+ 46. Kf2
Qc2+ 47. Kg1 Qd1+ 48. Kf2 Rf3# 0-1

[Event "VI Festival B"]
[Site "Amantea ITA"]
[Date "2008.09.07"]
[Round "8"]
[White "Nicoletta, Oscare"]
[Black "Mazzuca, Aldo"]
[Result "0-1"]
[WhiteElo "1419"]
[BlackElo "1425"]
[PlyCount "48"]
[EventDate "2008.08.31"]

1. d4 d5 2. e3 Nf6 3. Nc3 Bf5 4. Bd3 Qd7 5. Nf3 Nc6 6. Nb5 a6 7. Bxf5 e6 8.
Bxe6 fxe6 9. Nc3 Bb4 10. Bd2 O-O-O 11. a3 Ba5 12. b4 Bb6 13. Ng5 h6 14. Nf3 g5
15. O-O Qg7 16. Na4 Ba7 17. c3 Ne4 18. Nc5 Bxc5 19. bxc5 Na5 20. c4 Nxc4 21. h3
h5 22. Ra2 g4 23. Ne5 gxh3 24. Nxc4 Qxg2# 0-1

[Event "VI Festival B"]
[Site "Amantea ITA"]
[Date "2008.09.07"]
[Round "8"]
[White "Paese, Salvatore"]
[Black "Fittante, Enrico"]
[Result "0-1"]
[WhiteElo "1324"]
[BlackElo "1518"]
[PlyCount "92"]
[EventDate "2008.08.31"]

1. e4 c6 2. Nf3 d6 3. Bc4 e6 4. d4 d5 5. exd5 cxd5 6. Bb5+ Nc6 7. O-O Nf6 8. c3
Bd6 9. Re1 O-O 10. Qc2 a6 11. Bd3 b5 12. Bg5 Be7 13. Bxf6 Bxf6 14. Bxh7+ Kh8
15. Bd3 g6 16. Nbd2 Kg7 17. Ne5 Bxe5 18. dxe5 Bb7 19. Nf3 Qe7 20. b4 Rh8 21.
Qd2 Rh5 22. Qe3 Rah8 23. Qf4 Na7 24. Qg3 d4 25. Nxd4 Bxg2 26. Qxg2 Rg5 27. Qxg5
Qxg5+ 28. Kh1 Qh4 29. Nf3 Qxf2 30. Rf1 Qe3 31. Rad1 Rc8 32. c4 bxc4 33. Bxg6
Kxg6 34. Rde1 Qd3 35. Rg1+ Kh6 36. Rg3 Nb5 37. Reg1 Qf5 38. Nh4 Qh5 39. Rg4
Qxg4 40. Rxg4 Kh5 41. h3 c3 42. Nf3 c2 43. Rg5+ Kh6 44. Rg1 c1=Q 45. h4 Qf4 46.
Kg2 Rc2+ 0-1

[Event "VI Festival B"]
[Site "Amantea ITA"]
[Date "2008.09.07"]
[Round "8"]
[White "Scalise, Sandro"]
[Black "Vatta, Marino"]
[Result "1-0"]
[WhiteElo "1571"]
[BlackElo "1634"]
[PlyCount "37"]
[EventDate "2008.08.31"]

1. d4 d5 2. Nc3 Nf6 3. Bg5 h6 4. Bxf6 exf6 5. Nf3 a6 6. Qd3 Bd6 7. O-O-O Be6 8.
e4 dxe4 9. Nxe4 Bxa2 10. b3 Ba3+ 11. Kd2 Bb4+ 12. Nc3 Qd6 13. Ra1 Qf4+ 14. Qe3+
Qxe3+ 15. fxe3 Bxb3 16. cxb3 a5 17. Kc2 c6 18. Rd1 O-O 19. Bd3 1-0

[Event "XXXVI C.to Italiano ASCI"]
[Site "Silvi Marina ITA"]
[Date "2008.06.28"]
[Round "1"]
[White "Nicolini, Savino"]
[Black "Fratini, Mauro"]
[Result "0-1"]
[WhiteElo "1563"]
[BlackElo "1976"]
[PlyCount "46"]
[EventDate "2008.06.28"]

1. d4 Nf6 2. c4 g6 3. Nc3 d5 4. Bg5 c6 5. Bxf6 exf6 6. cxd5 cxd5 7. e3 a6 8.
Nge2 Bh6 9. Qb3 Nc6 10. Qxd5 O-O 11. a3 Bd7 12. Ng3 f5 13. Qf3 Re8 14. Nge2 b5
15. Nd5 Rc8 16. Nef4 Nxd4 17. Qh3 Nc2+ 18. Ke2 Bxf4 19. Nxf4 Nxa1 20. Qh6 Rc2+
21. Kf3 Bc6+ 22. Kg3 Qe7 23. Bd3 Rxf2 0-1

[Event "XXXVI C.to Italiano ASCI"]
[Site "Silvi Marina ITA"]
[Date "2008.06.28"]
[Round "1"]
[White "Scali, Fausto"]
[Black "Ragusi, Gianluca"]
[Result "1-0"]
[WhiteElo "2004"]
[BlackElo "1607"]
[PlyCount "45"]
[EventDate "2008.06.28"]

1. e4 e5 2. Nf3 Nc6 3. Nc3 Nf6 4. d4 exd4 5. Nxd4 Bc5 6. Nxc6 bxc6 7. Bd3 h6 8.
e5 Nd5 9. Nxd5 cxd5 10. Qg4 g5 11. O-O d6 12. Qe2 Be6 13. Bb5+ Kf8 14. Re1 g4
15. Bf4 h5 16. Qd2 Qb8 17. Bh6+ Rxh6 18. Qxh6+ Ke7 19. Qf6+ Kf8 20. Bc6 Qxb2
21. Qh8+ Ke7 22. exd6+ cxd6 23. Qxb2 1-0

[Event "XXXVI C.to Italiano ASCI"]
[Site "Silvi Marina ITA"]
[Date "2008.06.29"]
[Round "2"]
[White "Fratini, Mauro"]
[Black "Damiani, Lorenzo"]
[Result "1-0"]
[WhiteElo "1976"]
[BlackElo "1712"]
[PlyCount "50"]
[EventDate "2008.06.28"]

1. d4 d5 2. Bf4 Nf6 3. e3 g6 4. h3 Bg7 5. Nf3 Nbd7 6. Be2 O-O 7. O-O Re8 8. Na3
c6 9. c4 b6 10. Rc1 Bb7 11. Bh2 Rc8 12. Qa4 a5 13. cxd5 Nxd5 14. Qb3 e5 15.
dxe5 Nxe5 16. Nxe5 Bxe5 17. Bxe5 Rxe5 18. Nc4 Re7 19. Rfd1 Qc7 20. Bf3 b5 21.
Bxd5 cxd5 22. Na3 Qd7 23. Rxc8+ Qxc8 24. Nxb5 Bc6 25. Nd4 Qe8 1-0

[Event "XXXVI C.to Italiano ASCI"]
[Site "Silvi Marina ITA"]
[Date "2008.06.29"]
[Round "2"]
[White "Vrioni, Bersan"]
[Black "Scali, Fausto"]
[Result "1/2-1/2"]
[WhiteElo "1674"]
[BlackElo "2004"]
[PlyCount "82"]
[EventDate "2008.06.28"]

1. d4 d5 2. c4 e6 3. Nc3 Nf6 4. Nf3 Nbd7 5. e3 Be7 6. a3 O-O 7. Bd3 dxc4 8.
Bxc4 a6 9. O-O b5 10. Bd3 Bb7 11. Qc2 c5 12. Be2 Qb6 13. dxc5 Nxc5 14. b4 Nce4
15. Nxe4 Bxe4 16. Bd3 Rac8 17. Qe2 Bxd3 18. Qxd3 Rfd8 19. Qb3 Rc7 20. Bb2 Rdc8
21. Rac1 Rxc1 22. Rxc1 Rxc1+ 23. Bxc1 Qc7 24. Bb2 Ne4 25. Qd3 Qc4 26. Ne5 Qa2
27. Qxe4 Qxb2 28. g3 Qxa3 29. Qa8+ Bf8 30. Nc6 g6 31. Qe8 Qa1+ 32. Kg2 Qf6 33.
Qa8 Qb2 34. Qxa6 Bxb4 35. Qxb5 Ba3 36. Qxb2 Bxb2 37. Nb4 f5 38. f3 Kf7 39. h3
Kf6 40. Nd3 Ba1 41. e4 e5 1/2-1/2

[Event "XXXVI C.to Italiano ASCI"]
[Site "Silvi Marina ITA"]
[Date "2008.06.30"]
[Round "3"]
[White "Pugliese, Giuseppe"]
[Black "Vrioni, Bersan"]
[Result "1/2-1/2"]
[WhiteElo "1802"]
[BlackElo "1674"]
[PlyCount "53"]
[EventDate "2008.06.28"]

1. e4 c5 2. Nf3 Nc6 3. d4 cxd4 4. Nxd4 g6 5. Nc3 Bg7 6. Be3 Nf6 7. Be2 O-O 8.
O-O a6 9. Kh1 b5 10. Nxc6 dxc6 11. Qxd8 Rxd8 12. Bc5 Re8 13. Rad1 Nd7 14. Be3
Ne5 15. Bd4 Be6 16. b3 Rad8 17. Bb6 Rc8 18. Ba5 c5 19. Nd5 Nc6 20. Bb6 Bxd5 21.
Rxd5 Nb4 22. Rxc5 Nxa2 23. Rxc8 Rxc8 24. c4 Nc3 25. Bd3 bxc4 26. bxc4 Na4 27.
c5 1/2-1/2

[Event "XXXVI C.to Italiano ASCI"]
[Site "Silvi Marina ITA"]
[Date "2008.06.30"]
[Round "3"]
[White "Scali, Fausto"]
[Black "Fratini, Mauro"]
[Result "1-0"]
[WhiteElo "2004"]
[BlackElo "1976"]
[PlyCount "116"]
[EventDate "2008.06.28"]

1. e4 Nf6 2. e5 Nd5 3. c4 Nb6 4. d4 d6 5. f4 dxe5 6. fxe5 Nc6 7. Be3 Bf5 8. Nc3
e6 9. Nf3 Bg4 10. Be2 Bxf3 11. gxf3 Qh4+ 12. Bf2 Qf4 13. c5 Nd7 14. Qc1 Qf5 15.
Qe3 Nb4 16. Bd1 Nxc5 17. dxc5 Bxc5 18. Ba4+ c6 19. Nb5 O-O-O 20. Nxa7+ Kb8 21.
Nxc6+ bxc6 22. Qb3 Qxe5+ 23. Kf1 Rd2 24. Bg3 Rf2+ 25. Bxf2 Kc8 26. Bxc5 Qxc5
27. Qc3 Qb6 28. Kg2 Rg8 29. a3 Nd5 30. Qxc6+ Qxc6 31. Bxc6 Nf4+ 32. Kg3 g5 33.
a4 h5 34. a5 h4+ 35. Kf2 Kc7 36. Be4 f5 37. Bc2 g4 38. a6 g3+ 39. hxg3 hxg3+
40. Ke3 Nd5+ 41. Kd2 g2 42. Rhg1 Nf4 43. a7 Nh3 44. a8=Q Rxa8 45. Rae1 Nxg1 46.
Rxg1 Rg8 47. Ke3 Kd6 48. Kf2 Rb8 49. b3 Rc8 50. Bd1 f4 51. Rxg2 e5 52. Rg1 Kd5
53. Be2 Rc2 54. Rd1+ Ke6 55. Ke1 Rc3 56. Bc4+ Ke7 57. Ke2 Re3+ 58. Kf2 Rc3 1-0

[Event "XXXVI C.to Italiano ASCI"]
[Site "Silvi Marina ITA"]
[Date "2008.07.01"]
[Round "4"]
[White "Fratini, Mauro"]
[Black "Pugliese, Giuseppe"]
[Result "1-0"]
[WhiteElo "1976"]
[BlackElo "1802"]
[PlyCount "113"]
[EventDate "2008.06.28"]

1. d4 d5 2. Bf4 Nf6 3. e3 e6 4. Nf3 c5 5. c3 Bd6 6. Ne5 Qc7 7. Bg3 Nfd7 8. f4
cxd4 9. exd4 Nxe5 10. fxe5 Be7 11. Nd2 Qd8 12. Nf3 h5 13. Qc2 h4 14. Bf2 a5 15.
a4 Bd7 16. Bd3 Qb6 17. Be3 Nc6 18. Bb5 Nxe5 19. Nxe5 Bxb5 20. axb5 Qxb5 21. Qa4
Qxa4 22. Rxa4 b5 23. Ra1 O-O 24. O-O b4 25. Ra4 bxc3 26. bxc3 Ra7 27. Nc6 Rc7
28. Nxe7+ Rxe7 29. Rxa5 Rc7 30. Rc1 f6 31. Bf4 Rc6 32. h3 g5 33. Bh2 Kg7 34.
Kf2 Rfc8 35. Ra3 Kg6 36. Ke3 Kf5 37. Rf1+ Kg6 38. Kd3 Re8 39. Ra5 Rec8 40. Rc1
Kf5 41. Ra7 Kg6 42. Re7 Ra8 43. Bg1 Ra2 44. Rc2 Ra3 45. Be3 Ra1 46. Re2 Ra3 47.
Bd2 Raa6 48. Rf2 Ra3 49. Rf3 Ra8 50. Re3 Raa6 51. g3 f5 52. gxh4 Kf6 53. Re8
Kf7 54. Rd8 gxh4 55. Rh8 Ke7 56. Rxh4 Ra8 57. Rg3 1-0

[Event "XXXVI C.to Italiano ASCI"]
[Site "Silvi Marina ITA"]
[Date "2008.07.01"]
[Round "4"]
[White "Papa, Pasquale"]
[Black "Scali, Fausto"]
[Result "1/2-1/2"]
[WhiteElo "1646"]
[BlackElo "2004"]
[PlyCount "62"]
[EventDate "2008.06.28"]

1. d4 d5 2. c4 e6 3. Nc3 Nf6 4. Bg5 Nbd7 5. Nf3 Be7 6. e3 O-O 7. cxd5 exd5 8.
Bd3 Re8 9. Rc1 c6 10. O-O Nf8 11. Qc2 Nh5 12. Bxe7 Qxe7 13. Bf5 Ng6 14. Rfe1
Nf6 15. Bxg6 fxg6 16. Ne5 Bf5 17. Qb3 Be6 18. f3 Rac8 19. Qc2 b6 20. e4 dxe4
21. Nxe4 Bd5 22. Ng5 Qd6 23. Rcd1 c5 24. dxc5 Qxc5+ 25. Qxc5 Rxc5 26. Nd3 Rxe1+
27. Rxe1 Ra5 28. a3 h6 29. Ne6 Bxe6 30. Rxe6 Kf7 31. Re1 Nd7 1/2-1/2

[Event "XXXVI C.to Italiano ASCI"]
[Site "Silvi Marina ITA"]
[Date "2008.07.02"]
[Round "5"]
[White "Scali, Fausto"]
[Black "Soppelsa, Maurizio"]
[Result "1-0"]
[WhiteElo "2004"]
[BlackElo "1509"]
[PlyCount "53"]
[EventDate "2008.06.28"]

1. e4 Nc6 2. Nc3 e6 3. d4 d5 4. Nf3 dxe4 5. Nxe4 Be7 6. c3 h6 7. Bd3 Nf6 8. Qe2
Nxe4 9. Qxe4 Qd5 10. Qe2 O-O 11. Bf4 Qd8 12. O-O-O Bd6 13. Ne5 f5 14. g4 Qh4
15. Bg3 Qf6 16. gxf5 exf5 17. Bc4+ Kh7 18. f4 Na5 19. Bd3 b6 20. Rhg1 Bxe5 21.
dxe5 Qe6 22. Kb1 Bd7 23. Bh4 Nc6 24. Qg2 Qf7 25. Bc4 Nxe5 26. Bxf7 g5 27. fxe5
1-0

[Event "XXXVI C.to Italiano ASCI"]
[Site "Silvi Marina ITA"]
[Date "2008.07.03"]
[Round "6"]
[White "Papa, Pasquale"]
[Black "Vrioni, Bersan"]
[Result "0-1"]
[WhiteElo "1646"]
[BlackElo "1674"]
[PlyCount "92"]
[EventDate "2008.06.28"]

1. d4 d5 2. c4 e6 3. Nc3 Bb4 4. cxd5 exd5 5. Nf3 Nf6 6. Bg5 c6 7. Qc2 Be7 8. e3
h6 9. Bxf6 Bxf6 10. Bd3 O-O 11. O-O Bg4 12. Qd1 Nd7 13. h3 Be6 14. Ne2 g5 15.
Ng3 g4 16. hxg4 Bxg4 17. Bf5 Bxf5 18. Nxf5 Bg5 19. Ne5 Nxe5 20. dxe5 Qd7 21.
Qg4 Kh7 22. e4 Rg8 23. f4 Be7 24. Qh5 Bc5+ 25. Kh2 Rg6 26. Rf3 Rag8 27. Rg3
dxe4 28. Rxg6 Rxg6 29. Rd1 Qe6 30. b3 a5 31. Nd4 Bxd4 32. Rxd4 e3 33. Qf3 Qg4
34. Qxg4 Rxg4 35. g3 Rg8 36. Kg2 e2 37. Re4 Rd8 38. Rxe2 Kg6 39. Kf3 f5 40. g4
Rd3+ 41. Re3 Rxe3+ 42. Kxe3 fxg4 43. Kf2 Kf5 44. Kg3 h5 45. Kh4 b5 46. Kxh5 g3
0-1

[Event "XXXVI C.to Italiano ASCI"]
[Site "Silvi Marina ITA"]
[Date "2008.07.03"]
[Round "6"]
[White "Pugliese, Giuseppe"]
[Black "Scali, Fausto"]
[Result "1/2-1/2"]
[WhiteElo "1802"]
[BlackElo "2004"]
[PlyCount "92"]
[EventDate "2008.06.28"]

1. e4 c5 2. Nf3 e6 3. c4 d6 4. d4 cxd4 5. Nxd4 Nf6 6. Nc3 a6 7. Be2 b6 8. O-O
Bb7 9. f3 Be7 10. Be3 O-O 11. Qe1 Nbd7 12. Nb3 Rc8 13. Rd1 Qc7 14. Qf2 Nc5 15.
Nd2 d5 16. cxd5 exd5 17. exd5 Nxd5 18. Nxd5 Bxd5 19. Rc1 Bd6 20. f4 Qb7 21. b4
Nd7 22. a3 b5 23. Bf3 Bxf3 24. Qxf3 Qxf3 25. Nxf3 Nf6 26. Nd2 Rxc1 27. Rxc1 Nd5
28. Ne4 Bxf4 29. Bxf4 Nxf4 30. Rc6 Ra8 31. Nc5 Ne2+ 32. Kf2 Nd4 33. Rxa6 Rxa6
34. Nxa6 Nc2 35. Ke2 Nxa3 36. Nc7 Nc2 37. Nxb5 Nxb4 38. Kf3 Nd5 39. Nd4 g6 40.
g4 Kg7 41. h4 Ne7 42. Ne2 f5 43. Nf4 Kf6 44. g5+ Ke5 45. Nd3+ Kd4 46. Nf4 Ke5
1/2-1/2

[Event "XXXVI C.to Italiano ASCI"]
[Site "Silvi Marina ITA"]
[Date "2008.07.04"]
[Round "7"]
[White "Nicolini, Savino"]
[Black "Vrioni, Bersan"]
[Result "0-1"]
[WhiteElo "1563"]
[BlackElo "1674"]
[PlyCount "88"]
[EventDate "2008.06.28"]

1. c4 e5 2. Nc3 Nc6 3. g3 Nf6 4. Bg2 a6 5. d3 Bc5 6. Ne4 Nxe4 7. Bxe4 O-O 8.
Bd2 Ne7 9. Qb3 c6 10. Bc3 d6 11. O-O-O Be6 12. d4 exd4 13. Bxd4 Bxd4 14. Rxd4
Qc7 15. Nf3 d5 16. cxd5 cxd5+ 17. Bc2 Rac8 18. Kb1 Nf5 19. Rf4 d4 20. Qd3 g6
21. Bb3 Rfe8 22. Nxd4 Nxd4 23. Rxd4 Bxb3 24. axb3 Qe5 25. e4 Rc5 26. f4 Qe6 27.
Rd5 Rxd5 28. exd5 Qe4 29. Qxe4 Rxe4 30. Kc2 Kf8 31. d6 Rd4 32. Rd1 Rxd1 33.
Kxd1 Ke8 34. Kd2 Kd7 35. Kd3 Kxd6 36. Kd4 b6 37. b4 f6 38. h3 h5 39. b3 a5 40.
bxa5 bxa5 41. Ke4 Kc5 42. h4 Kb4 43. Kd5 Kxb3 44. Ke6 f5 0-1

[Event "IV C.to Unione Europea"]
[Site "Liverpool ENG"]
[Date "2008.09.09"]
[Round "1"]
[White "Astaneh Lopez, Alex"]
[Black "Rizzi, Volfango"]
[Result "1-0"]
[WhiteElo "2357"]
[BlackElo "1790"]
[PlyCount "29"]
[EventDate "2008.09.09"]

1. Nf3 d5 2. d4 c5 3. dxc5 Qa5+ 4. Nbd2 Qxc5 5. e3 Nc6 6. Be2 Nf6 7. O-O e5 8.
c4 Be6 9. Ng5 Be7 10. Nxe6 fxe6 11. a3 a5 12. b4 axb4 13. axb4 Rxa1 14. bxc5
Bxc5 15. Nb3 1-0

[Event "IV C.to Unione Europea"]
[Site "Liverpool ENG"]
[Date "2008.09.10"]
[Round "2"]
[White "Rizzi, Volfango"]
[Black "James, David"]
[Result "1/2-1/2"]
[WhiteElo "1790"]
[BlackElo "2177"]
[PlyCount "75"]
[EventDate "2008.09.09"]

1. e4 c5 2. Nf3 d6 3. Bb5+ Nd7 4. O-O a6 5. Bxd7+ Bxd7 6. Re1 e6 7. Nc3 Qc7 8.
d4 cxd4 9. Qxd4 Nf6 10. Bg5 Be7 11. Rad1 Bc6 12. Bh4 O-O 13. h3 Rfd8 14. g4 d5
15. e5 Ne4 16. Bxe7 Qxe7 17. Ne2 Rac8 18. c3 Bb5 19. Qe3 Bxe2 20. Rxe2 b5 21.
a3 a5 22. Qb6 b4 23. axb4 axb4 24. Qxb4 Qxb4 25. cxb4 f6 26. Kg2 Kf7 27. Rd4
Rb8 28. h4 Rdc8 29. g5 fxg5 30. Nxg5+ Nxg5 31. hxg5 Kg6 32. f4 Rc4 33. Rxc4
dxc4 34. Re4 Rxb4 35. b3 Rxb3 36. Rxc4 h6 37. gxh6 gxh6 38. Rc8 1/2-1/2

[Event "IV C.to Unione Europea"]
[Site "Liverpool ENG"]
[Date "2008.09.12"]
[Round "4"]
[White "Berg, Emanuel"]
[Black "Godena, Michele"]
[Result "1/2-1/2"]
[WhiteElo "2592"]
[BlackElo "2519"]
[PlyCount "82"]
[EventDate "2008.09.09"]

1. e4 e5 2. Nf3 Nc6 3. Bb5 a6 4. Ba4 Nf6 5. O-O Bc5 6. c3 b5 7. Bb3 d6 8. a4
Bg4 9. d3 Rb8 10. Nbd2 O-O 11. h3 Bh5 12. Re1 b4 13. a5 bxc3 14. bxc3 d5 15.
Ba4 dxe4 16. Rxe4 Qxd3 17. Bxc6 Nxe4 18. Bxe4 Qxc3 19. Ra2 Rfd8 20. Qf1 Bg6 21.
Rc2 Qxa5 22. Bxg6 hxg6 23. Qc4 Be7 24. Qe2 Bf6 25. g4 Qb5 26. Nc4 Qd5 27. Ne3
Qd3 28. Qxd3 Rxd3 29. g5 Bd8 30. Nxe5 Rd6 31. h4 f6 32. Nc6 Ra8 33. Ba3 Rd3 34.
Bb2 fxg5 35. Nxd8 Raxd8 36. Rxc7 Rxe3 37. Rxg7+ Kf8 38. fxe3 Rd1+ 39. Kf2 Rd2+
40. Kf3 Rxb2 41. Rxg6 gxh4 1/2-1/2

[Event "IV C.to Unione Europea"]
[Site "Liverpool ENG"]
[Date "2008.09.12"]
[Round "4"]
[White "Rizzi, Volfango"]
[Black "O'Rourke, Ray"]
[Result "1-0"]
[WhiteElo "1790"]
[BlackElo "2062"]
[PlyCount "93"]
[EventDate "2008.09.09"]

1. e4 c5 2. Nf3 d6 3. c3 e6 4. d4 cxd4 5. cxd4 Bd7 6. Nc3 Be7 7. Be3 Nf6 8. h3
O-O 9. Bd3 Nc6 10. O-O a6 11. Rc1 Rc8 12. Bb1 Na5 13. e5 Nd5 14. Qd3 g6 15. Bh6
Nxc3 16. Bxf8 Bb5 17. Bxe7 Qxe7 18. Rxc3 Bxd3 19. Rxc8+ Kg7 20. Bxd3 Nc6 21.
Rxc6 bxc6 22. Bxa6 c5 23. dxc5 dxc5 24. a4 g5 25. Rd1 f5 26. exf6+ Kxf6 27. Bc4
h5 28. Re1 Qd8 29. Rxe6+ Kg7 30. b3 g4 31. hxg4 hxg4 32. Ne5 Qd1+ 33. Kh2 Qc1
34. Rg6+ Kf8 35. Rxg4 Qh6+ 36. Kg3 Qd6 37. f4 Qd2 38. Rg8+ Ke7 39. Rg7+ Ke8 40.
Bb5+ Kf8 41. Rf7+ Kg8 42. Bc4 Qe1+ 43. Kg4 Qd1+ 44. Kg5 Qb1 45. Ng4 Kh8 46.
Rf8+ Kg7 47. Rg8+ 1-0

[Event "IV C.to Unione Europea"]
[Site "Liverpool ENG"]
[Date "2008.09.12"]
[Round "4"]
[White "Van Kemenade, Rudy"]
[Black "Di Michele, Rocco"]
[Result "1/2-1/2"]
[WhiteElo "1971"]
[BlackElo "2096"]
[PlyCount "74"]
[EventDate "2008.09.09"]

1. e4 c6 2. d4 d5 3. e5 c5 4. c4 Nc6 5. Nf3 Bg4 6. cxd5 Bxf3 7. Qxf3 Nxd4 8.
Qe4 f5 9. Qd3 Qxd5 10. f4 e6 11. Nc3 Qc6 12. Nb5 Nh6 13. Be3 Nxb5 14. Qxb5 Ng4
15. Qxc6+ bxc6 16. Bg1 c4 17. Bxc4 Bb4+ 18. Ke2 Kf7 19. h3 Nh6 20. Be3 Rhd8 21.
Rhd1 Ng8 22. a3 Ba5 23. Bc5 Ne7 24. Bxe7 Kxe7 25. b4 Bc7 26. Rac1 g5 27. g3
gxf4 28. gxf4 Bb6 29. Bb3 Rxd1 30. Rxd1 Rd8 31. Rxd8 Bxd8 32. Ba4 Kd7 33. Kd3
Bb6 34. Bb3 Bf2 35. Ba4 Bg3 36. Ke3 Be1 37. Kd3 Bg3 1/2-1/2

[Event "IV C.to Unione Europea"]
[Site "Liverpool ENG"]
[Date "2008.09.13"]
[Round "5"]
[White "Di Michele, Rocco"]
[Black "Storey, Charles H."]
[Result "0-1"]
[WhiteElo "2096"]
[BlackElo "2268"]
[PlyCount "106"]
[EventDate "2008.09.09"]

1. b3 d6 2. Bb2 Nd7 3. e3 e5 4. g3 g6 5. Bg2 Bg7 6. Ne2 f5 7. d4 e4 8. c4 Ngf6
9. Nf4 Nf8 10. Nc3 c6 11. b4 g5 12. Nfe2 Ng6 13. Qb3 Be6 14. d5 Bf7 15. Nd4 Qd7
16. f3 cxd5 17. cxd5 exf3 18. Bxf3 Ne5 19. Be2 O-O 20. O-O Bg6 21. Ne6 Bh6 22.
Nxf8 Rxf8 23. Nb5 Bf7 24. Bxe5 dxe5 25. Rfd1 a6 26. Nc3 f4 27. exf4 gxf4 28.
Bf3 Bg6 29. Re1 fxg3 30. hxg3 Qh3 31. Ne4 Bxe4 32. Bxe4 Ng4 33. d6+ Kg7 34. Qc2
Qxg3+ 35. Qg2 Be3+ 36. Rxe3 Qxe3+ 37. Kh1 Qxe4 38. Qxe4 Nf2+ 39. Kg2 Nxe4 40.
Re1 Nxd6 41. Rxe5 b5 42. Rd5 Rf6 43. a4 Kf7 44. axb5 axb5 45. Kg3 Ke6 46. Rh5
h6 47. Kg4 Kd7 48. Rc5 Rf5 49. Rc1 h5+ 50. Kh4 Ke6 51. Rc6 Kd5 52. Rb6 Re5 53.
Rb8 Kc4 0-1

[Event "IV C.to Unione Europea"]
[Site "Liverpool ENG"]
[Date "2008.09.13"]
[Round "5"]
[White "Godena, Michele"]
[Black "Trent, Lawrence"]
[Result "0-1"]
[WhiteElo "2519"]
[BlackElo "2470"]
[PlyCount "60"]
[EventDate "2008.09.09"]

1. e4 e5 2. Nf3 Nc6 3. Bb5 a6 4. Ba4 Nf6 5. O-O Nxe4 6. d4 b5 7. Bb3 d5 8. dxe5
Be6 9. Nbd2 Be7 10. c3 O-O 11. Re1 Nc5 12. Bc2 Bg4 13. h3 Bh5 14. Nf1 Qd7 15.
Ne3 d4 16. Bf5 Ne6 17. Ng4 Bg6 18. Bxe6 fxe6 19. Nxd4 Rad8 20. Be3 h5 21. Nh2
Nxe5 22. Qb3 Nc4 23. Rad1 e5 24. Ndf3 Qf5 25. Rxd8 Rxd8 26. Nf1 Bf7 27. Bc1 Nd2
28. N1xd2 Bxb3 29. axb3 Qc2 30. b4 e4 0-1

[Event "IV C.to Unione Europea"]
[Site "Liverpool ENG"]
[Date "2008.09.13"]
[Round "5"]
[White "Peacock, Malcolm R."]
[Black "Rizzi, Volfango"]
[Result "1/2-1/2"]
[WhiteElo "2101"]
[BlackElo "1790"]
[PlyCount "111"]
[EventDate "2008.09.09"]

1. c4 e5 2. g3 Nf6 3. Bg2 Bc5 4. Nc3 Nc6 5. e3 O-O 6. Nge2 d6 7. O-O Bf5 8. d4
Bb6 9. Na4 Qe7 10. d5 Nb4 11. Bd2 Bc2 12. Qc1 Bxa4 13. Bxb4 a5 14. Ba3 Bd7 15.
Qd2 Bf5 16. Nc3 Bg6 17. h3 Nd7 18. Na4 f5 19. Nxb6 cxb6 20. f4 e4 21. Rf2 Bh5
22. Bf1 h6 23. Be2 Bxe2 24. Qxe2 Nc5 25. Bxc5 bxc5 26. Rg2 Kh7 27. Rf1 g6 28.
g4 Qh4 29. Kh2 Rg8 30. Rfg1 Qe7 31. Qe1 b6 32. Qc3 Raf8 33. gxf5 gxf5 34. Qb3
Qd8 35. Qb5 Rxg2+ 36. Rxg2 Rg8 37. Rxg8 Kxg8 38. Qc6 Kf7 39. Kg3 Kg6 40. Kg2
Kh5 41. Qb7 Kg6 42. Kg3 h5 43. h4 Kf6 44. Qh7 Qe8 45. Qh6+ Qg6+ 46. Qg5+ Kf7
47. Qxg6+ Kxg6 48. Kf2 a4 49. Ke2 Kf6 50. Kd2 Ke7 51. Kc3 Kd7 52. b3 axb3 53.
Kxb3 b5 54. cxb5 Kc7 55. a4 Kb6 56. Kc4 1/2-1/2